<?xml version="1.0" encoding="utf-8"?>
<?xml-stylesheet type='text/xsl' href='./oai2.xsl'?>
<OAI-PMH xmlns="http://www.openarchives.org/OAI/2.0/" xmlns:xsi="http://www.w3.org/2001/XMLSchema-instance" xsi:schemaLocation="http://www.openarchives.org/OAI/2.0/ http://www.openarchives.org/OAI/2.0/OAI-PMH.xsd">
  <responseDate>2026-04-30T05:25:37Z</responseDate>
  <request verb="GetRecord" metadataPrefix="marcxml" identifier="record_kuniweb_163797">https://kulturerbe.niedersachsen.de/oai</request>
  <GetRecord>
    <record>
      <header>
        <identifier>record_kuniweb_163797</identifier>
        <datestamp>2025-08-28T09:38:22Z</datestamp>
        <setSpec>slg0111</setSpec>
      </header>
      <metadata>
        <marc:record xmlns:marc="http://www.loc.gov/MARC21/slim" xsi:schemaLocation="http://www.loc.gov/MARC21/slim http://www.loc.gov/standards/marcxml/schema/MARC21slim.xsd">
          <marc:leader>12345nkm  22     uu 4500</marc:leader>
          <marc:controlfield tag="001">163797</marc:controlfield>
          <marc:controlfield tag="003">http://kuniweb.gbv.de</marc:controlfield>
          <marc:controlfield tag="005">2019-10-12T15:12:40</marc:controlfield>
          <marc:controlfield tag="008">|           ||||||||||||||||||||||</marc:controlfield>
          <marc:datafield tag="245" ind1="1" ind2="0">
            <marc:subfield code="a">Zeichnung für die Gipsfabrik Aranjuez der Compania Anonima "Yesos y Escayolas" aus Madrid, 1905</marc:subfield>
          </marc:datafield>
          <marc:datafield tag="655" ind1=" " ind2="7">
            <marc:subfield code="a">Grafik</marc:subfield>
          </marc:datafield>
          <marc:datafield tag="046" ind1=" " ind2=" ">
            <marc:subfield code="k">1905-08-20</marc:subfield>
            <marc:subfield code="k">20.08.1905</marc:subfield>
          </marc:datafield>
          <marc:datafield tag="260" ind1=" " ind2=" ">
            <marc:subfield code="g">1905-08-20</marc:subfield>
            <marc:subfield code="g">20.08.1905</marc:subfield>
          </marc:datafield>
          <marc:datafield tag="520" ind1=" " ind2=" ">
            <marc:subfield code="a">Zeichnung -  schwarz-weiß
Herstellungsort - Königshütte, (Bad) Lauterberg 

Auftraggeber und Standort: 
Compania Anonima "Yesos y Escayolas", Madrid  

Information:
Zur Inventarnummer sind drei unterschiedliche Zeichnungen vorhanden.

Anmerkun:
In den Steinsalzablagerungen in Spanien, in Villa Rubia bei Ocaña, südwestlich von Aranjuez in der Provinz Toledo, ist Gips gefunden worden. Hier wurde zuerst Glauberit gefunden, ein Doppelsalz aus Gips und Glaubersalz. Das Wasser (so wird berichtet) des Tajo fließt bei Aranjuez zwischen Hügeln von Gips und Steinsalz hindurch und soll sehr schlecht sein. Erst bei Toledo soll es wieder besser werden. Wenn das Wasser destilliertwird, sind keine Spuren von Gips und Steinsalz mehr zu finden.
Quelle:
Lehrbuch der Salinen Kunde - Seite 47 - Google Books-Ergebnisseite
https://books.google.de › books









 (Förderkreis Königshütte Bad Lauterberg e.V.)

Maßstab: 1 zu 100

Beschrieben in:
Annalen der erd, völker- und staatenkunde ... https://books.google.de › books</marc:subfield>
          </marc:datafield>
          <marc:datafield tag="650" ind1="1" ind2=" ">
            <marc:subfield code="a">Gipsverarbeitung</marc:subfield>
          </marc:datafield>
          <marc:datafield tag="650" ind1="1" ind2=" ">
            <marc:subfield code="a">Grafik, Fotografie &gt; Zeichnung</marc:subfield>
          </marc:datafield>
          <marc:datafield tag="650" ind1="1" ind2=" ">
            <marc:subfield code="a">Industrie</marc:subfield>
          </marc:datafield>
          <marc:datafield tag="650" ind1="1" ind2=" ">
            <marc:subfield code="a">Madrid (Madrid, Provincia de Madrid)</marc:subfield>
          </marc:datafield>
          <marc:datafield tag="773" ind1="0" ind2=" ">
            <marc:subfield code="t">Mühlen-, Gips- und sonstige Anlagen</marc:subfield>
          </marc:datafield>
          <marc:datafield tag="852" ind1=" " ind2=" ">
            <marc:subfield code="a">Industriedenkmal Königshütte Bad Lauterberg im Harz</marc:subfield>
          </marc:datafield>
          <marc:datafield tag="" ind1=" " ind2=" ">
            <marc:subfield code="a">Namensnennung - Nicht kommerziell - Keine Bearbeitungen 4.0 International (CC BY-NC-ND 4.0)</marc:subfield>
          </marc:datafield>
        </marc:record>
      </metadata>
    </record>
  </GetRecord>
</OAI-PMH>
